| 000 | 00912nam a2200253 a 4500 | ||
|---|---|---|---|
| 001 | 1309 | ||
| 003 | BR-CuiBMT | ||
| 005 | 20231204224853.0 | ||
| 008 | 231204s2007 spb 000 0 por d | ||
| 020 | _a9788536110752 | ||
| 040 |
_aBR-CuiBMT _cBR-CuiBMT |
||
| 080 |
_a342.7:331 _22007 |
||
| 090 |
_a342.7:331.101.21 _bP436e |
||
| 100 | 1 | 0 | _aPereira, Cícero Rufino |
| 245 |
_aEfetividade dos direitos humanos trabalhistas : _bo Ministério Público do Trabalho e o tráfico de pessoas : o Protocolo de Palermo, a Convenção n. 169 da OIT, o trabalho escravo, a jornada exaustiva / _cCícero Rufino Pereira. |
||
| 260 |
_aSão Paulo : _bLTR, _c2007. |
||
| 300 |
_a168 p. ; _c24 cm |
||
| 504 | _aInclui bibliografia. | ||
| 650 |
_aDireito do trabalho _zBrasil |
||
| 650 |
_aJustiça do trabalho _zBrasil |
||
| 650 |
_aDireitos humanos _zBrasil |
||
| 650 |
_aDireitos fundamentais _zBrasil |
||
| 942 |
_2udc _cLV |
||
| 999 |
_c1309 _d1309 |
||